| 000 | 00866nam a2200217Ia 4500 | ||
|---|---|---|---|
| 003 | GCL | ||
| 008 | 140319s9999 xx 000 0 ara d | ||
| 040 |
_aGCL / _cGCL |
||
| 082 | 0 | 4 |
_a334.0943 _bك ا |
| 100 | 1 | _aكمال حمدى ابوالخير | |
| 245 | 1 | 0 |
_aاقتصاديات التعاون ومفهوم النفع العام: التقاء الحركة التعاونية والنقابية تجربة من المانيا الاتحادية / _cكمال حمدى ابوالخير |
| 300 | _a543 ص | ||
| 490 |
_aالهيئة العامة للاستعلامات _v0 |
||
| 650 | 0 | 4 | _aالاقتصاد |
| 650 | 0 | 4 | _aالاقتصاد الدولى |
| 650 | 0 | 4 | _aالاحوال الاقتصادية |
| 650 | 0 | 4 | _aالتنمية الاقتصادية |
| 650 | 0 | 4 | _aالتكامل الاقتصادى الدولى |
| 650 | 0 | 4 | _aالتعاون |
| 942 |
_2ddc _cBK |
||
| 999 |
_c50154 _d50154 |
||